The diplomacy of Japan 1894 - 1922
This book consists of the following many parts: conclusion of the first Anglo-Japanese agreement of Alliance, The far East before the Russo-Japanese war and Russo-Japanese negotiations on manchuria and Korea, Opening of the Russo-Japanese war and its consequences in Korea and China, good offices of...
Na minha lista:
| Autor principal: | |
|---|---|
| Formato: | Livro |
| Idioma: | Undetermined |
| Publicado em: |
Tokyo
Kajima Institute of International Peace
1976
|
| Tags: |
Adicionar Tag
Sem tags, seja o primeiro a adicionar uma tag!
|
| Thư viện lưu trữ: | Trung tâm Học liệu Trường Đại học Cần Thơ |
|---|
| LEADER | 00942nam a2200169Ia 4500 | ||
|---|---|---|---|
| 001 | CTU_110434 | ||
| 008 | 210402s9999 xx 000 0 und d | ||
| 082 | |a 327.52 | ||
| 082 | |b K13/Vol.2 | ||
| 100 | |a Kajima, Morinosuke | ||
| 245 | 4 | |a The diplomacy of Japan 1894 - 1922 | |
| 245 | 0 | |c Morinosuke Kajima | |
| 260 | |a Tokyo | ||
| 260 | |b Kajima Institute of International Peace | ||
| 260 | |c 1976 | ||
| 520 | |a This book consists of the following many parts: conclusion of the first Anglo-Japanese agreement of Alliance, The far East before the Russo-Japanese war and Russo-Japanese negotiations on manchuria and Korea, Opening of the Russo-Japanese war and its consequences in Korea and China, good offices of United States president roosevelt, the portsmouth peace conference, the portsmouth peace conference, conlusion of the second and third Anglo-Japanese agreement of Alliance. | ||
| 980 | |a Trung tâm Học liệu Trường Đại học Cần Thơ | ||